Statistics for First Name Songs Quiz

Click here to take the quiz!

General Stats

  • This quiz has been taken 28,180 times
    (21,928 since last reset)
  • The average score is 10 of 20

Answer Stats

SongMusical Act% Correct
RoxanneThe Police
82%
LaylaDerek and the Dominos
71%
JoleneDolly Parton
67%
MichelleThe Beatles
63%
FernandoABBA
62%
AlejandroLady Gaga
60%
Barbara AnnThe Beach Boys
58%
StanEminem
56%
AngieThe Rolling Stones
53%
DanielElton John
51%
LolaThe Kinks
49%
CeciliaSimon and Garfunkel
47%
BenMichael Jackson
45%
Peggy SueBuddy Holly and the Crickets
44%
RhiannonFleetwood Mac
44%
JeremyPearl Jam
40%
MickeyToni Basil
27%
BethKISS
26%
AlisonElvis Costello
23%
AmandaBoston
19%

Score Distribution

Percentile by Number Answered

Percent of People with Each Score

Your Score History

You have not taken this quiz since the last reset